Statistics for Reverse Dictionary #58

Click here to take the quiz!

General Stats

  • This quiz has been taken 23 times
  • The average score is 17 of 25

Answer Stats

DefinitionFirst
Letter
Word% Correct
(astronomy) The fourth planet in the solar system.MMars
95%
An appendage of an animal's (bird, bat, insect) body that enables it to fly.WWing
95%
One from whom a person is descended, whether on the father's or mother's side, at any distance of time; a progenitor; a forefather.AAncestor
90%
An enclosed area, often outdoor, for the presentation of sporting events or other spectacular events.AArena
90%
A booklet that instructs on the usage of a particular machine or product.MManual
90%
(Islam) A place of worship for Muslims, often having at least one minaret.MMosque
90%
Any of several large carnivorous and carrion-eating birds in the family Accipitridae, having a powerful hooked bill and keen vision.EEagle
85%
A person (especially a man) whose profession is catching cold-blooded vertebrates that live in water.FFisherman
85%
A monocotyledonous plant (Allium cepa), allied to garlic, used as vegetable and spice.OOnion
85%
A lack of clarity.CConfusion
80%
To cause to feel fear; to scare.FFrighten
80%
A dispute or heated argument (especially one that is verbal).QQuarrel
80%
The condition of being uninformed or uneducated; lack of knowledge or information.IIgnorance
75%
To place down in a position of rest, or in a horizontal position.LLay
75%
(art) A live show or concert.PPerformance
75%
To strengthen, especially by addition or augmentation.RReinforce
75%
An intersection of two streets; any of the four outer points off the street at that intersection.CCorner
70%
Having a viscous consistency.TThick
60%
A person's internal state of being and involuntary physiological response to an object or a situation, based on or tied to physical state and sensory data.EEmotion
50%
Restitution.CCompensation
40%
A number of things that follow on one after the other or are connected one after the other.SSeries
40%
To form or fashion into a whole by uniting its parts; to construct; to build.FFabricate
30%
With the bearing or composure that befits a head of state of a republic; stately, dignified.PPresidential
30%
To hurt or sting.SSmart
30%
To set apart for a deity or for religious purposes; to consecrate.DDedicate
20%

Score Distribution

Percentile by Number Answered

Percent of People with Each Score

Your Score History

You have not taken this quiz